Sanidad de ubre, calidad de leche / (Registro nro. 8690)

Detalles MARC
000 -CABECERA
Campo de control 00852nam a22002537a 4500
005 - FECHA Y HORA DE LA ULTIMA TRANSACCION
Campo de control 20150114144058.0
008 - ELEMENTOS DE LONGITUD FIJA—INFORMACION GENERAL
Campo de control 109142s2012 sp gd 000 0dspa d
020 ## - ISBN
ISBN 9789586601917
040 ## - FUENTE DE CATALOGACIÓN
Agencia catalogadora original CO-BoIAVH
Agencia transcriptora CO-BoIAVH
041 ## - IDIOMA
Código de idioma para texto/pista de sonido o título separado Español
044 ## - PAÍS DE PUBLICACIÓN
País de publicación Colombia
082 04 - NUMERO DE CLASIFICACION DECIMAL DEWEY
Número de clasificación 637.12
Número del ítem A55s2
100 1# - ASIENTO PRINCIPAL--NOMBRE PERSONAL
Nombre personal Andrade-Becerra, Roy José
245 10 - MENCION DE TITULO
Título Sanidad de ubre, calidad de leche /
Mención de responsabilidad Andrade Becerra Roy José ... [et al].
260 ## - PUBLICACION, DISTRIBUCION, ETC. (PIE DE IMPRENTA)
Lugar de publicación, distribución, etc. Tunja :
Nombre del editor, distribuidor, etc. Editorial UPTC,
Fecha de publicación, distribución, etc. 2012.
300 ## - DESCRIPCION FISICA
Extensión 170 p.
Otros detalles físicos fot. (col)
Dimensiones 24 cm.
490 ## - MENCION DE SERIE
Mención de serie Colección Investigación UPTC
Designación numérica/secuencial del volumen 51
504 ## - NOTA DE BIBLIOGRAFIA, ETC.
Nota de bibliografía Incluye referencias bibliográficas (pag, 163-169
650 #6 - ASIENTO SECUNDARIO DE MATERIA - TERMINO TEMATICO
Término temático o nombre geográfico como elemento de entrada Leche
Subdivisión general análisis
650 #6 - ASIENTO SECUNDARIO DE MATERIA - TERMINO TEMATICO
Término temático o nombre geográfico como elemento de entrada Bacteriología de la leche
700 1# - ASIENTO SECUNDARIO - NOMBRE PERSONAL
Nombre personal Rodriguez-Molano, Carlos Eduardo
700 1# - ASIENTO SECUNDARIO - NOMBRE PERSONAL
Nombre personal Pulido-Medellín, Martín Orlando
942 ## - ELEMENTOS ADICIONALES (KOHA)
Sistema de clasificación Dewey Decimal Classification
Tipo de ítem Libro
Existencias
Withdrawn status Lost status Sistema de Clasificación Damaged status No para préstamo Colección Inventariado Ubicación Permanente Ubicación actual Fecha de adquisición Fuente de Valor Valor Total Checkouts Número topográfico Inventario / Código de Barras Date last seen Ejemplar Price effective from Forma de adquisición Tipo de material
    Dewey Decimal Classification     General Inventariado 2017 Bogotá Bogotá 12/09/2014 Instituto 39000.00   LB-637.12 A55s2 038361 12/09/2014 Ej. 1 12/09/2014   Libro